[Event "5. Nord-West-Cup"]
[Site "?"]
[Date "2003.??.??"]
[Round "2"]
[White "Köhne, Arno"]
[Black "Park, Heiko"]
[Result "1-0"]
[WhiteElo "2030"]
[BlackElo "2034"]
[PlyCount "47"]

1. d4 f5 2. c4 g6 3. Nf3 Bg7 4. e3 Nf6 5. Nc3 d6 6. Be2 c6 7. O-O O-O 8. b4 Bd7
9. a4 a6 10. Bb2 Qe8 11. Qc2 e5 12. dxe5 dxe5 13. c5 e4 14. Nd2 Be6 15. Nc4
Bxc4 16. Bxc4+ Kh8 17. Ne2 Qe7 18. Nf4 Nbd7 19. Ne6 Rfc8 20. Nxg7 Kxg7 21. Qc3
Re8 22. Rad1 Ne5 23. Rd6 Kh6 24. Qxe5 1-0

[Event "5. Nord-West-Cup"]
[Site "?"]
[Date "2003.??.??"]
[Round "2"]
[White "Frenzel, Klaus-Dieter"]
[Black "Brandt, Wilhelm"]
[Result "1-0"]
[WhiteElo "1301"]
[BlackElo "1848"]
[PlyCount "113"]

1. e4 e6 2. d4 d5 3. exd5 exd5 4. Nf3 Nf6 5. Bd3 Bg4 6. O-O Be7 7. Nbd2 O-O 8.
h3 Bh5 9. Re1 Bd6 10. c3 Nbd7 11. Qc2 Re8 12. Rf1 c6 13. c4 Rc8 14. b3 Bg6 15.
Bxg6 hxg6 16. Bb2 Ne4 17. Rae1 f5 18. Re2 Qf6 19. Rfe1 Kf7 20. Nf1 Bb4 21. Rd1
Bd6 22. a3 Rh8 23. Rde1 Rce8 24. N3h2 Qg5 25. Nf3 Qf6 26. Ne3 Bf4 27. Qd3 g5
28. cxd5 Bxe3 29. Rxe3 cxd5 30. Ne5+ Nxe5 31. dxe5 Qe6 32. Qb5 Re7 33. Rd1 Rd7
34. Red3 a6 35. Qb4 g4 36. Rxd5 Re7 37. Qd4 gxh3 38. g3 Ng5 39. Qe3 Qh6 40. Kh2
Qh5 41. R1d3 Rc8 42. Bc3 Ne4 43. Rd7 Nxc3 44. Rxe7+ Kxe7 45. Rxc3 Rxc3 46. Qxc3
Qe2 47. Qc5+ Kf7 48. Kxh3 Qe4 49. Kh2 g5 50. Qc7+ Ke8 51. Qg7 g4 52. Qg6+ Kd8
53. Qf6+ Kd7 54. Qd6+ Ke8 55. e6 Qc6 56. Qe5 Qe4 57. Qf6 1-0

[Event "5. Nord-West-Cup"]
[Site "?"]
[Date "2003.??.??"]
[Round "2"]
[White "Merettig, Georg"]
[Black "Topolewski, Dirk"]
[Result "0-1"]
[WhiteElo "1688"]
[BlackElo "2278"]
[PlyCount "72"]

1. Nf3 d5 2. c4 c6 3. b3 Nf6 4. Bb2 g6 5. g3 Bg7 6. Bg2 O-O 7. O-O a5 8. d4 a4
9. cxd5 cxd5 10. b4 Nbd7 11. Nbd2 Nb6 12. a3 Bd7 13. Ne5 Bb5 14. f4 Ne8 15.
Ndf3 Nd6 16. Re1 Rc8 17. Nd2 e6 18. e4 f6 19. Nef3 Bd3 20. Bh3 f5 21. exd5 exd5
22. Ng5 Bc2 23. Qf3 Be4 24. Ndxe4 dxe4 25. Qf2 Qf6 26. Rab1 Nd5 27. Bf1 h6 28.
Nh3 Nc4 29. Rbd1 Rfd8 30. Bxc4 Rxc4 31. Kh1 Rdc8 32. Ng1 Qb6 33. Ne2 Rc2 34.
Rc1 R8c6 35. Ba1 Qb5 36. Kg1 Rxe2 0-1

[Event "5. Nord-West-Cup"]
[Site "?"]
[Date "2003.??.??"]
[Round "2"]
[White "Gellrich, Peter"]
[Black "Weller, Friedhelm"]
[Result "1-0"]
[WhiteElo "2230"]
[BlackElo "1672"]
[PlyCount "75"]

1. d4 d5 2. Nf3 Nf6 3. c4 e6 4. Nc3 Nbd7 5. Bg5 Be7 6. e3 b6 7. cxd5 exd5 8.
Bb5 Bb7 9. Ne5 O-O 10. Nc6 Qe8 11. Nxe7+ Qxe7 12. Bxd7 Qxd7 13. Bxf6 gxf6 14.
Qf3 f5 15. O-O Kh8 16. Rfd1 f6 17. Rac1 a6 18. Ne2 Rae8 19. Ng3 Bc8 20. Rd2 Re7
21. Rdc2 Qd6 22. Nxf5 Bxf5 23. Qxf5 Rg7 24. g3 Qd8 25. Rc6 Rd7 26. Qf4 Rff7 27.
Re6 Qf8 28. Rcc6 Kg7 29. Qg4+ Kh8 30. Rxf6 Rxf6 31. Rxf6 Qd8 32. Qf4 Kg8 33.
Qg5+ Rg7 34. Qf5 a5 35. Qe6+ Kh8 36. Rf5 Rd7 37. Qe5+ Kg8 38. Rg5+ 1-0

[Event "5. Nord-West-Cup"]
[Site "?"]
[Date "2003.??.??"]
[Round "2"]
[White "Kharchenko, Denis"]
[Black "Carstens, Manfred"]
[Result "1-0"]
[WhiteElo "2206"]
[BlackElo "1669"]
[PlyCount "47"]

1. c4 e5 2. Nc3 Nf6 3. g3 c6 4. d4 exd4 5. Qxd4 Be7 6. Bg2 Na6 7. Nf3 Nc7 8.
O-O Ne6 9. Qd3 Qa5 10. Bd2 Qh5 11. e4 h6 12. h3 g5 13. e5 Nh7 14. Nh2 b6 15.
Ne4 O-O 16. Ng4 f5 17. exf6 Nxf6 18. Nexf6+ Bxf6 19. Nxf6+ Rxf6 20. Bc3 Rf7 21.
Rae1 Ba6 22. Rxe6 dxe6 23. g4 Qh4 24. Be5 1-0

[Event "5. Nord-West-Cup"]
[Site "?"]
[Date "2003.??.??"]
[Round "2"]
[White "Janzen, Christian"]
[Black "Schebitz, Stephan"]
[Result "1/2-1/2"]
[WhiteElo "1616"]
[BlackElo "2180"]
[PlyCount "117"]

1. e4 e5 2. Nf3 f5 3. d4 fxe4 4. Nxe5 Nf6 5. Be2 d6 6. Nc4 Be7 7. Nc3 O-O 8.
O-O c6 9. Be3 b5 10. Nd2 d5 11. a3 Nbd7 12. f3 exf3 13. Bxf3 Qe8 14. Re1 Qg6
15. Bf4 Re8 16. Re3 Nf8 17. Nf1 Bf5 18. Re2 Ne6 19. Be5 Ng5 20. Kh1 Ng4 21. Ng3
Nxf3 22. gxf3 Nxe5 23. Nxf5 Qxf5 24. Rxe5 Qf7 25. Qe2 Bf6 26. Rxe8+ Rxe8 27.
Qf2 Re6 28. Rd1 Bh4 29. Qf1 Qf5 30. Qd3 Qh5 31. Ne2 Qe8 32. Ng1 Re3 33. Qd2 Be1
34. Qg2 h6 35. c3 a5 36. Rc1 Bh4 37. Rc2 Bg5 38. Re2 Kf7 39. Rxe3 Qxe3 40. Qc2
Kf6 41. Kg2 Qc1 42. Qe2 Be3 43. Nh3 g5 44. Nf2 h5 45. Nd1 Qd2 46. Qxd2 Bxd2 47.
h3 Bc1 48. Kf2 a4 49. Ke2 Kf5 50. Kf1 Kf4 51. Kg2 Kf5 52. Kf1 Bf4 53. Nf2 Bg3
54. Nd3 Bd6 55. Ke2 g4 56. fxg4+ hxg4 57. hxg4+ Kxg4 58. Ke3 Kf5 59. Kf3
1/2-1/2

[Event "5. Nord-West-Cup"]
[Site "?"]
[Date "2003.??.??"]
[Round "2"]
[White "Titze, Karsten"]
[Black "Lammers, Philipp"]
[Result "0-1"]
[WhiteElo "1940"]
[BlackElo "1657"]
[PlyCount "80"]

1. Nc3 c5 2. d4 cxd4 3. Qxd4 Nc6 4. Qa4 d6 5. Bg5 Nf6 6. e3 e6 7. Nf3 Be7 8.
O-O-O a6 9. Nb5 d5 10. Bf4 O-O 11. c4 Bd7 12. Nc3 dxc4 13. Qxc4 b5 14. Qd3 Rc8
15. Kb1 Qb6 16. e4 Rfd8 17. Qe2 Ng4 18. h3 Nxf2 19. Be3 Bc5 20. Bxf2 Bxf2 21.
a4 b4 22. Na2 a5 23. Nc1 Bg3 24. Nd3 b3 25. Nd2 Nd4 26. Qe3 Bb8 27. Nf3 Ba7 28.
Nde5 Bxa4 29. Nc4 Qc5 30. Rc1 Nc2 31. Qf4 Be8 32. Be2 a4 33. Nfe5 Qf2 34. Qg4
Qc5 35. Rhf1 a3 36. bxa3 Nxa3+ 37. Nxa3 Qxa3 38. Rxc8 Rxc8 39. Nc4 Qa2+ 40. Kc1
Qc2# 0-1

[Event "5. Nord-West-Cup"]
[Site "?"]
[Date "2003.??.??"]
[Round "2"]
[White "Lange, Detlef"]
[Black "Böhme, Arne"]
[Result "0-1"]
[WhiteElo "1630"]
[BlackElo "1982"]
[PlyCount "74"]

1. e4 e5 2. Nf3 d6 3. Bc4 Be7 4. Nc3 Nf6 5. d3 O-O 6. Bg5 c6 7. Qd2 Nbd7 8. a3
Nb6 9. Ba2 Be6 10. O-O Bxa2 11. Rxa2 Qc7 12. Re1 Rfd8 13. h3 Ne8 14. Bxe7 Qxe7
15. Nd1 f6 16. Ne3 g6 17. Qb4 Qf7 18. a4 d5 19. a5 Nc8 20. Ng4 Qc7 21. h4 dxe4
22. Qxe4 Ncd6 23. Nh6+ Kh8 24. Qe3 Nf5 25. Nxf5 gxf5 26. h5 f4 27. Qc5 Qg7 28.
h6 Qxh6 29. Nxe5 fxe5 30. Qxe5+ Qf6 31. Qxf6+ Nxf6 32. Ra4 Nd5 33. Rae4 Rg8 34.
c4 Nb4 35. d4 Raf8 36. Re7 Rg7 37. Re8 Kg8 0-1

[Event "5. Nord-West-Cup"]
[Site "?"]
[Date "2003.??.??"]
[Round "2"]
[White "Thimm, Torsten"]
[Black "Strunski, Andreas"]
[Result "1-0"]
[WhiteElo "1975"]
[BlackElo "1642"]
[PlyCount "67"]

1. e4 e6 2. d4 d5 3. Nd2 Nf6 4. e5 Nfd7 5. f4 c5 6. c3 Nc6 7. Ndf3 Qb6 8. g3
Be7 9. Kf2 O-O 10. Kg2 Rd8 11. Bd3 Nf8 12. Ne2 Bd7 13. g4 cxd4 14. cxd4 Rac8
15. Qe1 Nb4 16. Bb1 Bb5 17. Nc3 Bd3 18. Qd2 Bxb1 19. Rxb1 Rd7 20. a3 Nc6 21.
Qd3 Rdc7 22. Bd2 Na5 23. Ne2 Nb3 24. Bc3 Rc4 25. Rhf1 Qc6 26. Nd2 Nxd2 27. Qxd2
Qa6 28. f5 exf5 29. gxf5 Kh8 30. Rf3 Bd8 31. Rbf1 b5 32. f6 gxf6 33. Qh6 Ng6
34. exf6 1-0

[Event "5. Nord-West-Cup"]
[Site "?"]
[Date "2003.??.??"]
[Round "2"]
[White "Niemann, Heinrich"]
[Black "Thom, Rüdiger"]
[Result "0-1"]
[WhiteElo "1586"]
[BlackElo "1969"]
[PlyCount "105"]

1. e4 d5 2. exd5 Qxd5 3. Nc3 Qd6 4. Nf3 Bg4 5. Be2 c6 6. d3 Nf6 7. Be3 Nbd7 8.
Ne4 Qc7 9. Nfd2 Bxe2 10. Qxe2 g6 11. O-O Bg7 12. c3 O-O 13. Nxf6+ Nxf6 14. Ne4
Nd5 15. d4 e5 16. dxe5 Bxe5 17. Ng3 Rfe8 18. Qf3 Nxe3 19. Qxe3 Rad8 20. Rad1
Bxg3 21. Qxg3 Qb6 22. b3 Re2 23. Rxd8+ Qxd8 24. a4 Kg7 25. h4 Re4 26. h5 Rh4
27. hxg6 hxg6 28. Re1 Rh5 29. Qf4 c5 30. g3 Qd5 31. Qe4 Qxb3 32. g4 Rg5 33. Qe3
Rxg4+ 34. Kf1 Qc4+ 35. Re2 Qd5 36. f3 Rxa4 37. Rd2 Ra1+ 38. Kf2 Ra2 39. Rxa2
Qxa2+ 40. Kg3 Qd5 41. Qe7 b5 42. Qxa7 Qe5+ 43. Kg4 Qxc3 44. f4 b4 45. f5 Qd4+
46. Kh3 gxf5 47. Qe7 Kg6 48. Qf8 b3 49. Qg8+ Qg7 50. Qd8 Qc3+ 51. Kg2 b2 52.
Qd6+ Qf6 53. Qg3+ 0-1

[Event "5. Nord-West-Cup"]
[Site "?"]
[Date "2003.??.??"]
[Round "2"]
[White "Groothoff, Franz"]
[Black "Brinkmann, Martin"]
[Result "1-0"]
[WhiteElo "1967"]
[BlackElo "1622"]
[PlyCount "25"]

1. c4 c5 2. Nc3 Nc6 3. g3 e6 4. Bg2 Nf6 5. e4 d6 6. Nge2 a6 7. O-O Be7 8. a3
Qc7 9. Rb1 b6 10. b4 Rb8 11. b5 Ne5 12. bxa6 Bxa6 13. Qa4+ 1-0

[Event "5. Nord-West-Cup"]
[Site "?"]
[Date "2003.??.??"]
[Round "2"]
[White "Meyer, Eric"]
[Black "Wichmann, Ralph"]
[Result "0-1"]
[WhiteElo "1568"]
[BlackElo "1928"]
[PlyCount "92"]

1. e4 e5 2. Nf3 Nc6 3. d4 exd4 4. c3 d5 5. exd5 Qxd5 6. cxd4 Nf6 7. Nc3 Bb4 8.
Bd2 Bxc3 9. bxc3 Bg4 10. Be2 Ne4 11. c4 Qd6 12. d5 Ne7 13. Qa4+ Bd7 14. Qc2
Nxd2 15. Nxd2 Bf5 16. Qb2 O-O 17. O-O c6 18. dxc6 Nxc6 19. Rfd1 Qc7 20. Nb3
Rfe8 21. Rd2 Re7 22. Rad1 Rae8 23. Bf1 Ne5 24. Nd4 Bg4 25. Rc1 Rd8 26. Nb5 Rxd2
27. Qxd2 Qb8 28. Nxa7 h5 29. Re1 Re6 30. Nb5 h4 31. Nd4 Rg6 32. Be2 Bh3 33. g3
hxg3 34. fxg3 Nc6 35. Kf2 Qa7 36. Qe3 Qxd4 37. Qxd4 Nxd4 38. Rd1 Nxe2 39. Kxe2
Rb6 40. Kf3 f5 41. Rd2 Kf7 42. c5 Re6 43. a4 Bf1 44. Kf4 Kf6 45. Rd7 Bg2 46.
Rd6 g5# 0-1

[Event "5. Nord-West-Cup"]
[Site "?"]
[Date "2003.??.??"]
[Round "2"]
[White "Bienhüls, Michael"]
[Black "Ungar, Benedict"]
[Result "1/2-1/2"]
[WhiteElo "1919"]
[BlackElo "1590"]
[PlyCount "61"]

1. Nf3 d5 2. g3 Bf5 3. Bg2 h6 4. c4 e6 5. Qb3 Bc5 6. Qxb7 Nd7 7. Qb3 Rb8 8. Qd1
dxc4 9. Nc3 Ngf6 10. O-O O-O 11. d4 cxd3 12. exd3 e5 13. d4 exd4 14. Nxd4 Bg4
15. Nf3 Ne5 16. Qxd8 Nxf3+ 17. Bxf3 Rfxd8 18. Bxg4 Nxg4 19. Rb1 Rd3 20. Ne4 Bb6
21. h3 f5 22. hxg4 fxe4 23. Kg2 e3 24. fxe3 Bxe3 25. Rf3 Re8 26. b3 Rd1 27. Rf1
Rxc1 28. Rbxc1 Bxc1 29. Rxc1 Re2+ 30. Kf3 Rxa2 31. Rxc7 1/2-1/2

[Event "5. Nord-West-Cup"]
[Site "?"]
[Date "2003.??.??"]
[Round "2"]
[White "Eickelkamp, Jan-Hendrik"]
[Black "Mader, Sascha"]
[Result "1/2-1/2"]
[WhiteElo "1572"]
[BlackElo "1907"]
[PlyCount "104"]

1. d4 e6 2. c4 d5 3. Nc3 Nf6 4. Nf3 Be7 5. Bg5 h6 6. Bxf6 Bxf6 7. e3 O-O 8. Bd3
dxc4 9. Bxc4 c5 10. O-O Nd7 11. Ne4 cxd4 12. Nxf6+ Qxf6 13. Nxd4 e5 14. Nb5 Nb6
15. Bb3 Bd7 16. Nc3 Bc6 17. Qg4 Bd7 18. Qg3 Bc6 19. Qg4 Qg5 20. Qxg5 hxg5 21.
h3 Rad8 22. Rad1 g6 23. g3 Kg7 24. f4 gxf4 25. exf4 exf4 26. Rxd8 Rxd8 27. Rxf4
f6 28. h4 Rd3 29. Ne2 Rd2 30. Nd4 Bd5 31. Bxd5 Nxd5 32. Ne6+ Kf7 33. Rd4 Rxd4
34. Nxd4 Ke7 35. Kf2 a6 36. a3 Kd6 37. Kf3 Nb6 38. b3 Ke5 39. Ke3 Nd7 40. Nf3+
Kd5 41. g4 Nf8 42. h5 gxh5 43. gxh5 Nh7 44. h6 Ke6 45. Ke4 f5+ 46. Kf4 Kf6 47.
Nh4 Nf8 48. Nxf5 Ne6+ 49. Kg4 Kg6 50. b4 b6 51. a4 a5 52. bxa5 bxa5 1/2-1/2

[Event "5. Nord-West-Cup"]
[Site "?"]
[Date "2003.??.??"]
[Round "2"]
[White "Becker, Markus"]
[Black "Christophers, Reinhard"]
[Result "1-0"]
[WhiteElo "1889"]
[BlackElo "1575"]
[PlyCount "113"]

1. Nc3 e5 2. Nf3 Nc6 3. d4 exd4 4. Nxd4 Bc5 5. Nxc6 Qf6 6. Ne4 Qxc6 7. Nxc5
Qxc5 8. e4 Qb4+ 9. c3 Qxe4+ 10. Be2 Ne7 11. O-O Nc6 12. Re1 O-O 13. Bd3 Qh4 14.
Re4 Qf6 15. Bd2 d5 16. Rf4 Qe7 17. Qh5 f5 18. Re1 Qf7 19. Qh3 Ne7 20. Rh4 g6
21. Bf4 Nc6 22. c4 Nb4 23. Bf1 c6 24. Bd6 f4 25. Qc3 Nxa2 26. Qa3 Qf6 27. Rxf4
Bf5 28. Be5 Qe6 29. Qxa2 Be4 30. Rxf8+ Rxf8 31. Bd4 b6 32. f3 c5 33. Bf2 Qf5
34. cxd5 Bxd5 35. Bc4 Rd8 36. Bxd5+ Qxd5 37. Qxd5+ Rxd5 38. Bg3 b5 39. Kf1 a5
40. Rc1 Kf7 41. Bc7 a4 42. Bb6 Rd2 43. Rxc5 Rxb2 44. Rc7+ Ke6 45. Rxh7 a3 46.
Ra7 b4 47. Bc5 Kd5 48. Bxb4 a2 49. Bc3 Rc2 50. Bg7 g5 51. Ra5+ Kc4 52. Rxg5
Rc1+ 53. Kf2 Rc2+ 54. Kg3 Kb3 55. h4 Rb2 56. Rb5+ Ka4 57. Bxb2 1-0

[Event "5. Nord-West-Cup"]
[Site "?"]
[Date "2003.??.??"]
[Round "2"]
[White "Marschall, Norbert"]
[Black "Boos, Hanspeter"]
[Result "0-1"]
[WhiteElo "1560"]
[BlackElo "1866"]
[PlyCount "54"]

1. Nc3 c5 2. e4 e6 3. Bc4 a6 4. a4 Nc6 5. Nf3 g6 6. d3 Bg7 7. O-O Qc7 8. Be3 b6
9. Qd2 Bb7 10. Bf4 d6 11. Rfe1 Nge7 12. Ng5 Nd4 13. Ne2 h6 14. Nf3 Nxf3+ 15.
gxf3 g5 16. Bg3 Ng6 17. c3 O-O 18. b4 Rad8 19. Rab1 Qc8 20. Ba2 d5 21. exd5
exd5 22. d4 c4 23. f4 Qg4 24. Kf1 Bc8 25. Ng1 gxf4 26. f3 Qg5 27. Bf2 Bf5 0-1

[Event "5. Nord-West-Cup"]
[Site "?"]
[Date "2003.??.??"]
[Round "2"]
[White "Hrkac, Daniel"]
[Black "Schallück, Hans-Christian"]
[Result "1-0"]
[WhiteElo "1859"]
[BlackElo "1567"]
[PlyCount "45"]

1. d4 Nf6 2. Nf3 e6 3. c4 c5 4. d5 d6 5. Nc3 Be7 6. e4 e5 7. Be2 Bg4 8. O-O O-O
9. Be3 Nbd7 10. Ne1 Bxe2 11. Qxe2 h6 12. Nd3 Nb6 13. b3 Qd7 14. f4 Qg4 15. Rae1
Qxe2 16. Rxe2 exf4 17. Bxf4 Nh5 18. Bd2 Bg5 19. Bxg5 hxg5 20. e5 dxe5 21. Rxe5
Nd7 22. Rxg5 Nhf6 23. Nxc5 1-0

[Event "5. Nord-West-Cup"]
[Site "?"]
[Date "2003.??.??"]
[Round "2"]
[White "Meyer, Peter"]
[Black "Heirich, Andreas"]
[Result "0-1"]
[WhiteElo "1541"]
[BlackElo "1852"]
[PlyCount "52"]

1. c3 Nf6 2. d4 g6 3. Bf4 Bg7 4. Nd2 d6 5. e3 O-O 6. h3 a6 7. Bh2 b5 8. f4 Bb7
9. Ngf3 e6 10. Qc2 c5 11. a3 Nd5 12. Kf2 Nc6 13. b4 Rc8 14. Qb2 cxd4 15. cxd4
Qb6 16. Be2 e5 17. Nb3 Rfe8 18. fxe5 dxe5 19. Nc5 exd4 20. Nxd4 Nxe3 21. Bf3
Bxd4 22. Qb3 Nc4+ 23. Kg3 Qc7+ 24. Kg4 h5+ 25. Kg5 Qe7+ 26. Kh6 Bg7# 0-1

[Event "5. Nord-West-Cup"]
[Site "?"]
[Date "2003.??.??"]
[Round "2"]
[White "Sturm, Tobias"]
[Black "Frerichs, Manfred"]
[Result "1-0"]
[WhiteElo "1848"]
[BlackElo "1567"]
[PlyCount "59"]

1. e4 c5 2. c3 Nc6 3. d3 e5 4. f4 exf4 5. Bxf4 d5 6. e5 d4 7. Nf3 h6 8. Nbd2
Nge7 9. c4 Ng6 10. Bg3 Be7 11. Be2 O-O 12. O-O f6 13. exf6 Rxf6 14. Ne4 Rf8 15.
a3 b6 16. Nfd2 Nce5 17. Rxf8+ Bxf8 18. Qf1 Ng4 19. Bxg4 Bxg4 20. h3 Bc8 21. Qf2
Be7 22. Rf1 Be6 23. Qf3 Qd7 24. Nf6+ Bxf6 25. Qxa8+ Kh7 26. Ne4 Bh4 27. Bxh4
Nxh4 28. Ng3 Bxh3 29. Qe4+ Ng6 30. gxh3 1-0

[Event "5. Nord-West-Cup"]
[Site "?"]
[Date "2003.??.??"]
[Round "2"]
[White "Petzold, Golo"]
[Black "Buntemeyer, Axel"]
[Result "1-0"]
[WhiteElo "1824"]
[BlackElo "1540"]
[PlyCount "71"]

1. d4 Nf6 2. Nf3 g6 3. c4 Bg7 4. Nc3 d6 5. e4 c6 6. Be2 Na6 7. O-O O-O 8. a3
Nc7 9. Bd2 h6 10. Qc2 Bd7 11. Rfd1 a6 12. Na4 b5 13. Nb6 Ra7 14. Nxd7 Nxd7 15.
cxb5 Nxb5 16. Be3 Rc7 17. a4 c5 18. dxc5 Na7 19. Bxa6 Nxc5 20. Bc4 Qb8 21. Rab1
Rfc8 22. Bxc5 Rxc5 23. b3 Nc6 24. Qd3 Ne5 25. Nxe5 Bxe5 26. Qf3 Bxh2+ 27. Kf1
e6 28. g3 Qb4 29. Kg2 Rh5 30. Rbc1 Qa3 31. Bxe6 Rf8 32. Bg4 Rg5 33. Kxh2 f5 34.
exf5 gxf5 35. Qd5+ Kg7 36. Rc7+ 1-0

[Event "5. Nord-West-Cup"]
[Site "?"]
[Date "2003.??.??"]
[Round "2"]
[White "Meijer, Johannes"]
[Black "Leppert, Hans-Jürgen"]
[Result "0-1"]
[WhiteElo "1500"]
[BlackElo "1822"]
[PlyCount "55"]

1. d4 f5 2. c4 Nf6 3. Nc3 d6 4. Nf3 g6 5. h4 h6 6. Qc2 Bg7 7. Bf4 Na6 8. e3 c6
9. Be2 Qa5 10. O-O Be6 11. a3 Qd8 12. Rfd1 Nc7 13. Ne5 dxe5 14. dxe5 Nd7 15. g4
Qc8 16. gxf5 Bxf5 17. e4 Be6 18. Nd5 Nxe5 19. Rac1 Bg4 20. Nxc7+ Qxc7 21. Bxe5
Qxe5 22. Bxg4 O-O 23. Qb3 Qf4 24. Be6+ Kh7 25. Qg3 Qxe4 26. Re1 Qf4 27. b3 Bd4
28. Rc2 0-1

[Event "5. Nord-West-Cup"]
[Site "?"]
[Date "2003.??.??"]
[Round "2"]
[White "Rachut, Steffen"]
[Black "Ströcker, Uwe"]
[Result "1-0"]
[WhiteElo "1813"]
[BlackElo "1452"]
[PlyCount "87"]

1. e4 g6 2. d4 Bg7 3. Nc3 d6 4. f3 c6 5. Be3 b5 6. Qd2 a5 7. Bd3 Ba6 8. Nge2 b4
9. Nd1 Bxd3 10. Qxd3 Nf6 11. O-O O-O 12. c3 Na6 13. Nf2 c5 14. f4 Qc8 15. Rfc1
c4 16. Qc2 Ng4 17. Nxg4 Qxg4 18. h3 Qh5 19. Ng3 Qb5 20. cxb4 Qxb4 21. Qxc4 Qxb2
22. Rab1 Qa3 23. Rc3 Qxc3 24. Qxc3 Nb4 25. Qd2 Rfc8 26. Rc1 Rxc1+ 27. Qxc1 Nxa2
28. Qc4 Nb4 29. Bd2 e5 30. Ne2 exd4 31. Bxb4 axb4 32. Nxd4 Bxd4+ 33. Qxd4 b3
34. Kh2 Rb8 35. Qxd6 Rb5 36. Qd8+ Kg7 37. Qd4+ Kg8 38. Qd7 Rb8 39. Qc7 Rb5 40.
Qc8+ Kg7 41. Qc3+ Kg8 42. Qb2 h5 43. Kg3 Kh7 44. Kf3 1-0

[Event "5. Nord-West-Cup"]
[Site "?"]
[Date "2003.??.??"]
[Round "2"]
[White "Boss, Igor"]
[Black "van Hove, Ode"]
[Result "1-0"]
[WhiteElo "1806"]
[BlackElo "1438"]
[PlyCount "63"]

1. d4 Nf6 2. c4 e5 3. dxe5 Ne4 4. Nd2 Nc5 5. Ngf3 Nc6 6. g3 Qe7 7. Bg2 Nxe5 8.
Nxe5 Qxe5 9. O-O d6 10. Rb1 a5 11. b3 Bf5 12. e4 Bg6 13. Bb2 Qe6 14. f4 Nxe4
15. Bxe4 Bxe4 16. Nxe4 O-O-O 17. Qf3 f6 18. Rfe1 Qf7 19. Bc3 h5 20. Nf2 h4 21.
Qe2 hxg3 22. hxg3 Qg6 23. Qg4+ Qxg4 24. Nxg4 Rh5 25. Rbd1 b6 26. Rd5 f5 27. Nf2
c6 28. Rd3 Rh6 29. Kg2 g5 30. fxg5 Rg6 31. Bf6 Rd7 32. Re8+ 1-0

[Event "5. Nord-West-Cup"]
[Site "?"]
[Date "2003.??.??"]
[Round "2"]
[White "Bruckmann, Thomas"]
[Black "Kerski, Björn-Ole"]
[Result "0-1"]
[WhiteElo "1415"]
[BlackElo "1805"]
[PlyCount "95"]

1. Nf3 Nf6 2. g3 d5 3. d4 Bg4 4. Bg2 Nbd7 5. O-O e6 6. Bg5 Bd6 7. c3 c6 8. Nbd2
Qc7 9. Bxf6 Nxf6 10. c4 Qe7 11. c5 Bc7 12. Re1 O-O 13. b4 Rfd8 14. Ne5 Bh5 15.
Bf3 Bxf3 16. exf3 Bxe5 17. Rxe5 Nd7 18. Re3 Qf6 19. Nb3 Re8 20. f4 Qf5 21. Qe2
a6 22. a4 Nf6 23. Re5 Qh3 24. f3 Nd7 25. Re3 Qf5 26. Kg2 Qf6 27. Rd1 b6 28. Nc1
b5 29. a5 g6 30. Nd3 h5 31. Ne5 Nxe5 32. Rxe5 Kg7 33. h4 Rf8 34. Kh3 Rae8 35.
Qd2 Qd8 36. g4 hxg4+ 37. fxg4 Rh8 38. h5 Reg8 39. Kg3 gxh5 40. gxh5 Kf8+ 41.
Kh3 Qf6 42. Rf1 Rg7 43. Qe2 Rhg8 44. Rf3 Rg1 45. Qh2 Rd1 46. f5 Qg5 47. Qg3
Qxh5+ 48. Qh4 0-1

[Event "5. Nord-West-Cup"]
[Site "?"]
[Date "2003.??.??"]
[Round "2"]
[White "Hammer, Klaus"]
[Black "Bolduan, Albrecht"]
[Result "1-0"]
[WhiteElo "1803"]
[BlackElo "1406"]
[PlyCount "55"]

1. d4 d5 2. c4 e5 3. dxe5 d4 4. a3 a5 5. Nf3 Bc5 6. Nbd2 Bb6 7. g3 Bd7 8. Qc2
Ne7 9. c5 Bf5 10. Qc4 Be6 11. Qxd4 Qxd4 12. Nxd4 Bxc5 13. Nxe6 fxe6 14. Bh3 Kf7
15. Ne4 Bd4 16. Ng5+ Kg6 17. Nf3 Nbc6 18. Bxe6 Bxe5 19. Nxe5+ Nxe5 20. Bf4 Kf6
21. Bb3 c6 22. O-O-O Rad8 23. h4 Ng4 24. Bg5+ Ke5 25. f4+ Ke4 26. Bxe7 Rde8 27.
Bc5 Nh6 28. Bc2# 1-0

[Event "5. Nord-West-Cup"]
[Site "?"]
[Date "2003.??.??"]
[Round "2"]
[White "Hoppe, Dieter"]
[Black "Szyszka, Arkadi"]
[Result "1-0"]
[WhiteElo "1389"]
[BlackElo "1772"]
[PlyCount "103"]

1. d4 Nf6 2. c4 d6 3. Nc3 g6 4. Bg5 Bg7 5. Qd2 Nc6 6. Nf3 h6 7. Bxf6 Bxf6 8. e3
e5 9. d5 Ne7 10. Ne4 Bg7 11. Be2 O-O 12. Nc3 a5 13. e4 b6 14. O-O f5 15. exf5
Nxf5 16. Bd3 Bd7 17. Ne4 Qe7 18. Rfe1 Rf7 19. Ng3 Raf8 20. Re2 Nxg3 21. fxg3 g5
22. Be4 Bf6 23. h3 Bg7 24. Rf1 Rf6 25. Ref2 Bf5 26. Qe3 Qe8 27. Nxg5 Bxe4 28.
Nxe4 Rxf2 29. Rxf2 Rxf2 30. Qxf2 Qg6 31. Qf3 h5 32. a4 Kh8 33. b3 Kg8 34. h4
Kh8 35. Kf2 Kg8 36. Kg1 Kh8 37. Kh2 Kg8 38. Ng5 Bh6 39. Qe4 Qxe4 40. Nxe4 Kf7
41. Kh3 Kg6 42. g4 Bf4 43. g3 Bc1 44. Nf2 Be3 45. gxh5+ Kf5 46. Kg2 e4 47. g4+
Kf4 48. g5 Bd4 49. h6 e3 50. Nd3+ Ke4 51. Ne1 e2 52. g6 1-0

[Event "5. Nord-West-Cup"]
[Site "?"]
[Date "2003.??.??"]
[Round "2"]
[White "Kickert, Germaine"]
[Black "Drezewski, Alexander"]
[Result "0-1"]
[WhiteElo "1269"]
[BlackElo "1755"]
[PlyCount "72"]

1. e4 c5 2. c3 d6 3. d4 cxd4 4. cxd4 Nf6 5. Nc3 a6 6. Nf3 g6 7. Be2 Bg7 8. O-O
O-O 9. Be3 b5 10. a3 Nbd7 11. Qd2 Ng4 12. Bg5 h6 13. Bh4 g5 14. h3 Ngf6 15. Bg3
Bb7 16. Bd3 d5 17. e5 Ne4 18. Bxe4 dxe4 19. Ne1 f5 20. f3 f4 21. Bh2 Nxe5 22.
fxe4 Nc4 23. Qe2 Bxd4+ 24. Kh1 Ne3 25. Rf3 Bxc3 26. bxc3 Bxe4 27. Rf2 Qc8 28.
Kg1 Qxc3 29. Qa2+ Bd5 30. Qb1 e6 31. Rd2 Kg7 32. Rd3 Qf6 33. Rd2 Rac8 34. Qb2
Rc3 35. Nc2 Nxc2 36. Rxc2 Rxc2 0-1

[Event "5. Nord-West-Cup"]
[Site "?"]
[Date "2003.??.??"]
[Round "2"]
[White "Hubbermann, Günter"]
[Black "Teixeira, Jose"]
[Result "0-1"]
[WhiteElo "1092"]
[BlackElo "1750"]
[PlyCount "44"]

1. e4 d6 2. Nc3 Nf6 3. Nf3 c6 4. d3 Bg4 5. Be2 e5 6. h3 Bh5 7. a3 Be7 8. b4
Nbd7 9. Be3 h6 10. d4 O-O 11. d5 cxd5 12. exd5 Nb6 13. Qd2 Rc8 14. Nh4 Bxe2 15.
Nxe2 Nc4 16. Qd1 Nxe3 17. fxe3 Qb6 18. Nf5 Rfe8 19. Qc1 Nxd5 20. e4 Bg5 21. Qb2
Ne3 22. Nxe3 Qxe3 0-1

[Event "5. Nord-West-Cup"]
[Site "?"]
[Date "2003.??.??"]
[Round "2"]
[White "Lukossek, Thomas"]
[Black "Toth, Hans-Jürgen"]
[Result "1/2-1/2"]
[WhiteElo "1750"]
[BlackElo "1363"]
[PlyCount "57"]

1. e4 e6 2. d4 d5 3. exd5 exd5 4. Bd3 Nf6 5. h3 Be6 6. Nf3 Nbd7 7. c3 Bd6 8.
O-O O-O 9. Qc2 h6 10. Re1 Nh5 11. Ne5 Nhf6 12. f4 Nb6 13. Nd2 c5 14. Ndf3 Qc7
15. Be3 c4 16. Bf1 Ne4 17. Qc1 Ng3 18. Kh2 Nxf1+ 19. Rxf1 Bf5 20. g3 Rfe8 21.
Nh4 Be4 22. Qd2 Nd7 23. Rae1 Nf6 24. Nhf3 Bf5 25. Nh4 Ne4 26. Qe2 Bh7 27. Qg4
Nf6 28. Qd1 Re7 29. Nhf3 1/2-1/2

[Event "5. Nord-West-Cup"]
[Site "?"]
[Date "2003.??.??"]
[Round "2"]
[White "Campe, Herbert"]
[Black "Schermann, Sarah"]
[Result "1-0"]
[WhiteElo "1746"]
[BlackElo "895"]
[PlyCount "67"]

1. e4 e5 2. Nf3 Nc6 3. Bb5 d5 4. Nxe5 Bd7 5. Nxd7 Qxd7 6. O-O dxe4 7. Re1 f5 8.
d3 O-O-O 9. Be3 Kb8 10. Nc3 Nf6 11. Qe2 Qd6 12. g3 Nd4 13. Bxd4 Qxd4 14. Rad1
c6 15. Bc4 Bd6 16. dxe4 Qe5 17. exf5 Qxf5 18. Qe6 Qxe6 19. Rxe6 Rhe8 20. Rexd6
Rxd6 21. Rxd6 Re1+ 22. Kg2 Kc7 23. Re6 Rc1 24. Bb3 Kd7 25. Re2 g5 26. Rd2+ Kc7
27. Rd1 Rxd1 28. Nxd1 Ne4 29. c3 h6 30. Bc2 Nd6 31. Ne3 b5 32. Kf3 h5 33. Bg6
g4+ 34. Kf4 1-0